000 00404nam a2200157Ia 4500
003 0STCL
008 150530s9999 xx 000 0 und d
040 _aSTCL
_cSTCL
100 _aHarry Gunniison Brown
245 _aInternational trade a study of the economic advantages of commerce
260 _bMacmillan
_c1920
546 _aEnglish
942 _2ddc
_cBK
999 _c10232
_d10232
005 20220125165543.0